| 000 | 00996cab a2200289 4500 | ||
|---|---|---|---|
| 001 | ABS52497 | ||
| 008 | 090401t1995 xxu||||| |||| 00| 0 eng d | ||
| 035 | _a(Sirsi) u81975 | ||
| 041 | _aeng | ||
| 100 | _aMcIntyre, O. | ||
| 245 | 4 | _aThe Green Paper on remedying damage to the environment - many rivers to cross! | |
| 260 | _c1995 | ||
| 350 | _a0 | ||
| 490 |
_aEnvironmental Policy and Practice _v4(4) 1995, 177-184(8) |
||
| 520 | _aOutlines the content of the EU`s consultation document on civil liability for environmental damage. Considers the implications for national legal systems and looks at other international initiatives in this field. | ||
| 650 | _aCIVIL LIABILITY | ||
| 650 | _aCOMPENSATION | ||
| 650 | _aENVIRONMENTAL DAMAGE | ||
| 650 | _aEU DIRECTIVES | ||
| 650 | _aEUROPEAN COMMISSION | ||
| 650 | _aINSURANCE ISSUES | ||
| 650 | _aLENDER LIABILITY | ||
| 650 | _aLENDERS | ||
| 690 | _aENVIRONMENTAL AND LAND CONSULTANCY | ||
| 942 | _n0 | ||
| 948 | _c04/03/1997 | ||
| 999 |
_c51693 _d51693 |
||